Harry Potter - d'où vient ce chapitre ? - Statistiques

Statistiques générales
  • Ce quiz a été pris 97 fois
  • Le résultat moyen est 17 sur 20
Statistiques - réponses
Question Réponse % Correct
La carte du Maraudeur Harry Potter et le prisonnier d'Azkaban
100%
La bataille de Poudlard Harry Potter et les Reliques de la mort
100%
L'héritier de Serpentard Harry Potter et la Chambre des secrets
96%
Le Polynectar Harry Potter et la Chambre des secrets
96%
Le serment inviolable Harry Potter et le Prince de sang-mêlé
96%
La prédiction du professeur Trelawney Harry Potter et le prisonnier d'Azkaban
96%
Xenopholius Lovegood Harry Potter et les Reliques de la mort
96%
La dernière cachette Harry Potter et les Reliques de la mort
96%
Rendez-vous sur la voie9 3/4 Harry Potter à l'école des sorciers
92%
Norbert le dragon Harry Potter à l'école des sorciers
92%
Le Cognard fou Harry Potter et la Chambre des secrets
92%
Coups de griffes et feuilles de thé Harry Potter et le prisonnier d'Azkaban
92%
l'Hôpital Ste Mangouste pour les maladies et blessures magiques Harry Potter et l'ordre du Phénix
92%
Les sortilèges impardonnables Harry Potter et la coupe de feu
88%
Le département des mystères Harry Potter et l'ordre du Phénix
88%
Le match de Quidditch Harry Potter à l'école des sorciers
84%
Les Horcruxes Harry Potter et le Prince de sang-mêlé
84%
L'autre ministre Harry Potter et le Prince de sang-mêlé
60%
À bord du Poudlard Express Harry Potter et la coupe de feu
40%
La cicatrice Harry Potter et la coupe de feu
36%
Aucun quiz correspondant
Distribution des résultats
% des personnes avec chaque résultat
Percentile par nombre de réponses
Votre historique - résultats
Vous n’avez pas pris ce quiz